00888cam a22002531 450000100060000000300080000600500170001400800390003103500190007003500190008904000410010804100080014908200160015710000300017324500530020326000540025630000290031049000400033950400370037965100490041694200120046599900170047795201400049424899BD-RjUL20211209001119.0140315r19661962nyua b 001 0 eng a(BD-RjUL)24968 a(OCoLC)1063631 aDLCcOCanWdOCoLCdDLCdBD-RjULbeng aeng a942.07bMAE1 aMararshal, Dorothy97662910aEighteenth century England /cMararshal, Dorothy aNew York :bD. McKay Co.,c1962 [impression 1966] a537 p. :bill, ;c23 cm.0 aA History of England in ten volumes aIncludes bibliography and index. 0aGreat BritainxHistoryy18th century.976630 2ddccBK c24899d24899 00102ddc40728NFICaRUCLbRUCLcReadingd1969-01-01eZeitlingerg42.00l0o942.07 MAE 1966r2014-03-15 00:00:00tC-1w2014-03-15yBK